Bio-logia molecular : la logia desconocida /

Guardado en:
Autor Principal: Alló, Mariano
Otros Autores: Bertucci, Paola
Formato: Libro
Publicado: Buenos Aires : Instituto Nacional de Educación Técnica, 2009
Series:Las ciencias naturales y las matemáticas / Juan Manuel Kirschenbaum
Materias:
Etiquetas: Agregar Etiqueta
Sin Etiquetas, Sea el primero en etiquetar este registro!
LEADER 00768nam a22002415a 4500
001 CEM.cems013577
005 20110930131037.0
008 130507s2009##################000#0#####d
003 CEMS
020 |a 9789500007744 
082 0 4 |a 571.6 
100 1 |a Alló, Mariano 
245 1 0 |a Bio-logia molecular :  |b la logia desconocida /  |c Marano Alló, Pola Bertucci 
260 |a Buenos Aires :  |b Instituto Nacional de Educación Técnica,  |c 2009 
300 |a 204 p. 
490 0 |a Las ciencias naturales y las matemáticas / Juan Manuel Kirschenbaum 
653 |a Biología 
653 |a Biología molecular 
653 |a Biología celular 
653 |a Genoma 
653 |a Evolución 
700 1 |a Bertucci, Paola 
859 |a CEMS  |b BIB. CEMS - 11 de abril  |h 571.6  |i AL57  |p 26218.11  |t Ej.1